Database Management Systems / (Record no. 5544)
[ view plain ]
| 000 -LEADER | |
|---|---|
| fixed length control field | 01313cam a22003375a 4500 |
| 003 - CONTROL NUMBER IDENTIFIER | |
| control field | EG-ScBUE |
| 005 - DATE AND TIME OF LATEST TRANSACTION | |
| control field | 20201026133901.0 |
| 008 - FIXED-LENGTH DATA ELEMENTS--GENERAL INFORMATION | |
| fixed length control field | 091206t2003 maua f b 001 0 eng d |
| 020 ## - INTERNATIONAL STANDARD BOOK NUMBER | |
| International Standard Book Number | 9780071151108 (ISE) |
| 020 ## - INTERNATIONAL STANDARD BOOK NUMBER | |
| International Standard Book Number | 0071151109 (ISE) |
| 040 ## - CATALOGING SOURCE | |
| Original cataloging agency | EG-ScBUE |
| Language of cataloging | eng |
| Description conventions | rda |
| Transcribing agency | EG-ScBUE |
| Modifying agency | EG-ScBUE |
| 082 04 - DEWEY DECIMAL CLASSIFICATION NUMBER | |
| Classification number | 005.74 |
| Item number | RAM |
| Edition number | 22 |
| 100 1# - MAIN ENTRY--PERSONAL NAME | |
| Personal name | Ramakrishnan, Raghu, |
| Relator term | author. |
| 9 (RLIN) | 9655 |
| 245 10 - TITLE STATEMENT | |
| Title | Database Management Systems / |
| Statement of responsibility, etc | Raghu Ramakrishnan, University of Wisconsin, Madison, Wasconsin, USA, Johannes Gehrke, Cornell University, Ithaca, New York, USA. |
| 250 ## - EDITION STATEMENT | |
| Edition statement | Third edition. |
| 264 #1 - PUBLICATION, DISTRIBUTION, ETC. (IMPRINT) | |
| Place of publication, distribution, etc | Boston : |
| Name of publisher, distributor, etc | McGraw-Hill, |
| Date of publication, distribution, etc | [2003] |
| 264 #4 - PUBLICATION, DISTRIBUTION, ETC. (IMPRINT) | |
| Date of publication, distribution, etc | c2003 |
| 300 ## - PHYSICAL DESCRIPTION | |
| Extent | xxxii, 1065 pages : |
| Other physical details | illustrations ; |
| Dimensions | 25 cm |
| 336 ## - CONTENT TYPE | |
| Source | rdacontent |
| Content type term | text |
| Content type code | txt |
| 337 ## - MEDIA TYPE | |
| Source | rdamedia |
| Media type term | unmediated |
| Media type code | n |
| 338 ## - CARRIER TYPE | |
| Source | rdacarrier |
| Carrier type term | volume |
| Carrier type code | nc |
| 504 ## - BIBLIOGRAPHY, ETC. NOTE | |
| Bibliography, etc | Includes bibliographical references and index. |
| 590 ## - LOCAL NOTE (RLIN) | |
| Local note | Mohamed Hussein |
| 650 #7 - SUBJECT ADDED ENTRY--TOPICAL TERM | |
| Topical term or geographic name as entry element | Database management. |
| Source of heading or term | BUEsh |
| 9 (RLIN) | 9656 |
| 653 ## - INDEX TERM--UNCONTROLLED | |
| Resource For college | Informatics and Computer Science |
| Arrived date list | August2015 |
| 655 ## - INDEX TERM--GENRE/FORM | |
| Form subdivision | Reading book |
| 9 (RLIN) | 34232 |
| 700 1# - ADDED ENTRY--PERSONAL NAME | |
| Personal name | Gehrke, Johannes, |
| Relator term | author. |
| 9 (RLIN) | 9657 |
| 856 42 - ELECTRONIC LOCATION AND ACCESS | |
| Materials specified | Publisher description |
| Uniform Resource Identifier | <a href="http://www.loc.gov/catdir/description/mh024/2002075205.html">http://www.loc.gov/catdir/description/mh024/2002075205.html</a> |
| 856 42 - ELECTRONIC LOCATION AND ACCESS | |
| Materials specified | Table of contents |
| Uniform Resource Identifier | <a href="http://www.loc.gov/catdir/toc/mh023/2002075205.html">http://www.loc.gov/catdir/toc/mh023/2002075205.html</a> |
| 942 ## - ADDED ENTRY ELEMENTS (KOHA) | |
| Koha item type | Book - Borrowing |
| Call number prefix | 005.74RAM |
| Source of classification or shelving scheme | Dewey Decimal Classification |
| Withdrawn status | Lost status | Source of classification or shelving scheme | Damaged status | Not for loan | Collection code | Home library | Current library | Shelving location | Date acquired | Source of acquisition | Cost, normal purchase price | Total Checkouts | Total Renewals | Full call number | Barcode | Date last seen | Date checked out | Cost, replacement price | Koha item type | Price effective from |
|---|---|---|---|---|---|---|---|---|---|---|---|---|---|---|---|---|---|---|---|---|
| Dewey Decimal Classification | Central Library | Central Library | Lower Floor | 30/10/2007 | 160.00 | 3 | 2 | 005.74 RAM | 000007012 | 15/07/2025 | 23/11/2013 | 200.00 | Book - Borrowing | |||||||
| Dewey Decimal Classification | Baccah | Central Library | Central Library | Lower Floor | 06/12/2009 | 160.00 | 005.74 RAM | 000019122 | 15/07/2025 | 200.00 | NB - Book (Non borrowing) | 06/12/2009 | ||||||||
| Dewey Decimal Classification | Baccah | Central Library | Central Library | Lower Floor | 06/12/2009 | 160.00 | 2 | 19 | 005.74 RAM | 000019123 | 15/07/2025 | 23/10/2021 | 200.00 | Book - Borrowing | 06/12/2009 | |||||
| Dewey Decimal Classification | Baccah | Central Library | Central Library | Lower Floor | 14/02/2013 | 160.00 | 005.74 RAM | 000028251 | 15/07/2025 | 200.00 | Book - Borrowing | |||||||||
| Dewey Decimal Classification | Baccah | Central Library | Central Library | Lower Floor | 26/10/2020 | Purchase | 005.74 RAM | 000050126 | 15/07/2025 | Book - Borrowing | 26/10/2020 |